| 000 | 00597nam a2200157 a 4500 | ||
|---|---|---|---|
| 001 | 000033444 | ||
| 005 | 20200930070249.0 | ||
| 008 | 110829s1911 dr 000 0 spa d | ||
| 040 |
_aDO-SdBNP _bspa _cBNPHU |
||
| 082 |
_axxx _bB363p |
||
| 100 | 1 |
_aBazil, Juan R. _958992 |
|
| 245 | 1 | 3 |
_aLa prescripción y el artículo 2257 del código civil / _cJuan R. Bazil. |
| 260 |
_aSanto Domingo : _bFlor del Ozama, _c1911. |
||
| 300 |
_a37 p. ; _c24 cm. |
||
| 500 | _aOriginalmente presentada como tesis para optar por la licenciatura en la facultad de derecho civil del Instituto Profesional de Santo Domingo. | ||
| 999 |
_c32935 _d32935 |
||